[Event "Women's Speed Chess Q4"]
[Site "chess.com INT"]
[Date "2021.06.03"]
[Round "11"]
[White "Batsiashvili, Nino"]
[Black "Kulkarni, Bhakti"]
[Result "0-1"]
[WhiteTitle "GM"]
[BlackTitle "IM"]
[WhiteElo "2491"]
[BlackElo "2391"]
[WhiteFideId "13602993"]
[BlackFideId "5019516"]
[EventDate "2021.06.03"]

1. d4 Nf6 2. c4 c5 3. d5 b5 4. Qc2 bxc4 5. e4 d6 6. Bxc4 g6 7. Nf3 Bg7 8. O-O
O-O 9. Bd2 e6 10. Bc3 exd5 11. exd5 Nbd7 12. Rd1 Nb6 13. b3 Re8 14. a4 Bb7 15.
a5 Nbxd5 16. a6 Bc6 17. Bxd5 Nxd5 18. Bxg7 Kxg7 19. Nc3 Nf4 20. Qd2 Bxf3 21.
Qxf4 Bxd1 22. Rxd1 Qa5 23. Qf3 Rad8 24. h4 Qxa6 25. Nd5 f5 26. Qc3+ Kg8 27. Nf6+
Kf7 28. Nxh7 Re5 29. Ng5+ Kg8 30. Qxe5 dxe5 31. Rxd8+ Kg7 32. Rd7+ Kf8 33. g3 e4
34. Rg7 Qa1+ 35. Kg2 Kxg7 36. Ne6+ Kf6 37. Nf4 0-1

[Event "Women's Speed Chess Q4"]
[Site "chess.com INT"]
[Date "2021.06.03"]
[Round "11"]
[White "Grigoryan, Meri"]
[Black "Head, Louise"]
[Result "0-1"]
[WhiteTitle "WFM"]
[BlackTitle "WFM"]
[WhiteElo "2044"]
[BlackElo "2090"]
[WhiteFideId "13300571"]
[BlackFideId "424773"]
[EventDate "2021.06.03"]

1. e4 c6 2. d4 d5 3. exd5 cxd5 4. c4 Nf6 5. Nc3 e6 6. Nf3 Be7 7. Bf4 O-O 8. Rc1
b6 9. Be2 Bb7 10. Kf1 Nbd7 11. h4 Rc8 12. cxd5 Nxd5 13. Nxd5 Bxd5 14. h5 h6 15.
b3 Bf6 16. Rh3 Rxc1 17. Qxc1 Nb8 18. Bxh6 Bxf3 19. Rxf3 Qxd4 20. Rg3 Kh8 21. Be3
Qb2 22. Qxb2 Bxb2 23. h6 g6 24. Bc4 Nc6 25. Bg5 Kh7 26. f4 Na5 27. Rd3 Nxc4 28.
bxc4 e5 29. Rd7 exf4 30. Bxf4 a5 31. Rb7 Bd4 32. Ke2 Re8+ 33. Kf3 Kg8 34. h7+
Kxh7 35. Rxf7+ Kg8 36. Rb7 Rf8 37. Kg4 Rf7 38. Rb8+ Kg7 39. Kg5 Rf5+ 40. Kg4 Bc5
41. Rb7+ Rf7 42. Rb8 Rxf4+ 0-1

[Event "Women's Speed Chess Q4"]
[Site "chess.com INT"]
[Date "2021.06.03"]
[Round "11"]
[White "Pourkashiyan, Atousa"]
[Black "Narva, Mai"]
[Result "0-1"]
[WhiteTitle "WGM"]
[BlackTitle "WIM"]
[WhiteElo "2322"]
[BlackElo "2276"]
[WhiteFideId "12502014"]
[BlackFideId "4500512"]
[EventDate "2021.06.03"]

1. e4 c5 2. Nf3 d6 3. d4 cxd4 4. Nxd4 Nf6 5. Nc3 g6 6. Be2 Bg7 7. O-O O-O 8. Be3
Nc6 9. Qd2 Bd7 10. Rad1 a6 11. f3 b5 12. Rfe1 b4 13. Nd5 a5 14. Bf1 Nxd5 15.
exd5 Ne5 16. Bh6 Qb6 17. Bxg7 Kxg7 18. Kh1 Rfe8 19. f4 Ng4 20. h3 Nf6 21. Nf3
Rac8 22. Re3 a4 23. Rde1 Kf8 24. c4 bxc3 25. bxc3 Nh5 26. Kh2 Nxf4 27. Re4 e5
28. g3 Nh5 29. Qh6+ Ke7 30. Qg5+ f6 31. Qh6 Qf2+ 32. Bg2 Qxg3+ 33. Kh1 Bxh3 34.
Qxh7+ Kd8 35. R4e2 Bxg2+ 36. Rxg2 Qxf3 37. Rb1 Nf4 38. Rb2 Nxg2 39. Rb7 Nf4+ 40.
Kg1 Qg2# 0-1

[Event "Women's Speed Chess Q4"]
[Site "chess.com INT"]
[Date "2021.06.03"]
[Round "11"]
[White "Tomilova, Elena"]
[Black "Varshini, V"]
[Result "1-0"]
[WhiteTitle "WGM"]
[BlackTitle "WGM"]
[WhiteElo "2338"]
[BlackElo "2226"]
[WhiteFideId "4162340"]
[BlackFideId "5091241"]
[EventDate "2021.06.03"]

1. c4 e5 2. g3 Nf6 3. Bg2 d5 4. cxd5 Nxd5 5. Nf3 Nc6 6. O-O Be7 7. d4 exd4 8.
Nxd4 O-O 9. Nxc6 bxc6 10. Qa4 Bd7 11. Rd1 Qc8 12. e4 Nb6 13. Qc2 Rb8 14. Nc3 Bh3
15. b3 Bxg2 16. Kxg2 Nd7 17. Bb2 Nc5 18. Ne2 Qe6 19. f3 Qh6 20. Ba3 Qe3 21. Nd4
Nxb3 22. axb3 Bxa3 23. Rxa3 Rfd8 24. Nf5 Qb6 25. Qc3 f6 26. Qc4+ Kh8 27. Qf7 Rg8
28. Rd7 Rbf8 29. Qc4 c5 30. Ra2 c6 31. Rad2 Qa5 32. Ne7 1-0

[Event "Women's Speed Chess Q4"]
[Site "chess.com INT"]
[Date "2021.06.03"]
[Round "11"]
[White "Kanyamarala, Trisha"]
[Black "Zawadzka, Jolanta"]
[Result "0-1"]
[WhiteTitle "WIM"]
[BlackTitle "WGM"]
[WhiteElo "2180"]
[BlackElo "2399"]
[WhiteFideId "45004722"]
[BlackFideId "1122320"]
[EventDate "2021.06.03"]

1. e4 c5 2. Nf3 Nc6 3. Bb5 d6 4. O-O Bd7 5. Nc3 a6 6. Be2 Nf6 7. d4 cxd4 8. Nxd4
e5 9. Nf3 h6 10. h3 Be7 11. Be3 O-O 12. a3 b5 13. Qd2 Be6 14. Rad1 Rc8 15. Ne1
Qd7 16. f4 exf4 17. Bxf4 Qa7+ 18. Kh1 Ne5 19. Nf3 Rfd8 20. Nd4 Ng6 21. Nxe6 fxe6
22. Be3 Qb7 23. Bd3 Ne5 24. Qf2 Rf8 25. Qe2 Kh8 26. Bf4 Nh7 27. Be3 Bg5 28. Rde1
Rxf1+ 29. Rxf1 Qe7 30. Nd1 Rf8 31. Nf2 Bxe3 32. Qxe3 Qh4 33. Nd1 Rxf1+ 34. Bxf1
Nf6 35. Qa7 Nxe4 36. Qb8+ Kh7 37. Ne3 Qf4 38. Qb6 Nc4 39. Bd3 Nxe3 40. Qd4 d5
41. Bxe4+ Qxe4 0-1

[Event "Women's Speed Chess Q4"]
[Site "chess.com INT"]
[Date "2021.06.03"]
[Round "11"]
[White "Priyanka, K"]
[Black "Obregon Garcia, Roxangel"]
[Result "0-1"]
[WhiteTitle "WIM"]
[BlackTitle "WIM"]
[WhiteElo "2218"]
[BlackElo "2167"]
[WhiteFideId "5082986"]
[BlackFideId "3520420"]
[EventDate "2021.06.03"]

1. e4 c5 2. Nf3 Nc6 3. d4 cxd4 4. Nxd4 Nf6 5. Nc3 e6 6. Nxc6 bxc6 7. Be2 Qc7 8.
O-O d5 9. exd5 cxd5 10. Nb5 Qb8 11. c4 a6 12. Nd4 Bd6 13. h3 O-O 14. Bg5 Ne4 15.
Be3 Qxb2 16. cxd5 exd5 17. Rb1 Qxa2 18. Ra1 Qb2 19. Rb1 Qc3 20. Rb3 Qa5 21. Nc6
Qc7 22. Qxd5 Be6 23. Qxe4 Bxb3 24. Bd3 f5 25. Qf3 Qf7 26. Nd4 Bd5 27. Qxf5 Qxf5
28. Nxf5 Bb4 29. Rb1 a5 30. Rxb4 axb4 31. Ne7+ Kh8 32. Nxd5 b3 33. Bd4 Rab8 34.
Bb2 Rfd8 35. Bc4 Rdc8 36. Ne3 Rc7 37. Kf1 Ra7 38. Ke2 Ra2 39. Nd1 Rb4 40. Kd3
Rb7 41. Kc3 Ra5 42. Ne3 h6 43. Nf5 Rxf5 44. f3 Rg5 45. g4 Ra5 46. f4 Rc5 0-1

[Event "Women's Speed Chess Q4"]
[Site "chess.com INT"]
[Date "2021.06.03"]
[Round "11"]
[White "Gevorgyan, Maria"]
[Black "Zhai, Mo"]
[Result "1-0"]
[WhiteTitle "WGM"]
[BlackTitle "WGM"]
[WhiteElo "2219"]
[BlackElo "2366"]
[WhiteFideId "13300270"]
[BlackFideId "8600201"]
[EventDate "2021.06.03"]

1. e4 c5 2. Nc3 Nc6 3. Bb5 g6 4. Bxc6 bxc6 5. d3 Bg7 6. Nge2 d5 7. O-O e6 8. f4
Ne7 9. Ng3 O-O 10. Nce2 c4 11. Qe1 cxd3 12. cxd3 dxe4 13. dxe4 Rb8 14. Nc3 a5
15. Kh1 Qb6 16. Be3 Qb4 17. Rc1 Rd8 18. Rc2 Ba6 19. Rg1 Bd3 20. Rf2 a4 21. a3
Qc4 22. Qc1 Rb3 23. Bd2 Bd4 24. Be3 Bxc3 25. bxc3 Qxc3 26. Qxc3 Rxc3 27. Rd1 Rb8
28. Rfd2 Bc2 29. Rd8+ Rxd8 30. Rxd8+ Kg7 31. Bd4+ Kh6 32. Bxc3 1-0

[Event "Women's Speed Chess Q4"]
[Site "chess.com INT"]
[Date "2021.06.03"]
[Round "11"]
[White "Pandey, Srishti"]
[Black "Selkirk, Rebecca"]
[Result "1-0"]
[WhiteTitle "WFM"]
[BlackTitle "WCM"]
[WhiteElo "2026"]
[BlackElo "1799"]
[WhiteFideId "35093290"]
[BlackFideId "14306514"]
[EventDate "2021.06.03"]

1. d4 d5 2. c4 c6 3. Nf3 Nf6 4. Nbd2 e6 5. e3 Nbd7 6. Bd3 Be7 7. O-O O-O 8. e4
dxc4 9. Nxc4 b5 10. Nce5 Bb7 11. Qe2 a6 12. Be3 Rc8 13. Rfd1 Qc7 14. Rac1 Qb8
15. h3 c5 16. Bf4 Nxe5 17. Bxe5 Qa8 18. dxc5 Bxe4 19. Bxe4 Nxe4 20. b4 a5 21. a3
axb4 22. axb4 Qc6 23. Nd4 Qd5 24. Bf4 Nf6 25. Nxb5 Qb3 26. Bd6 Bxd6 27. Nxd6 Rc6
28. Rb1 Qc3 29. Rdc1 Qd4 30. Rc4 Qd5 31. Rd1 Qg5 32. Ne4 Nxe4 33. Qxe4 Rfc8 34.
h4 Qf6 35. Rdc1 h6 36. b5 R6c7 37. c6 Qb2 38. Qb1 Qe5 39. b6 Re7 40. c7 1-0

[Event "Women's Speed Chess Q4"]
[Site "chess.com INT"]
[Date "2021.06.03"]
[Round "11"]
[White "Cori T., Deysi"]
[Black "Belenkaya, Dina"]
[Result "1-0"]
[WhiteTitle "WGM"]
[BlackTitle "WGM"]
[WhiteElo "2388"]
[BlackElo "2304"]
[WhiteFideId "3801934"]
[BlackFideId "24142654"]
[EventDate "2021.06.03"]

1. d4 d5 2. Nf3 Nf6 3. c4 dxc4 4. e3 a6 5. Bxc4 e6 6. O-O c5 7. Qe2 b5 8. Bd3
Nbd7 9. a4 Bb7 10. b3 Bd6 11. Rd1 Qb8 12. axb5 axb5 13. Bb2 Rxa1 14. Bxa1 O-O
15. Nc3 b4 16. Nb5 Bxf3 17. Qxf3 Bxh2+ 18. Kh1 Bc7 19. dxc5 Be5 20. c6 Nb6 21.
c7 Bxc7 22. Bxf6 gxf6 23. Qxf6 Re8 24. Bxh7+ Kxh7 25. Rd4 Bg3 26. fxg3 Qxg3 27.
Qxf7+ Kh6 28. Qxe8 Qe1+ 29. Kh2 Qxe3 30. Rh4+ Kg7 31. Rg4+ Kh6 32. Qh8# 1-0

[Event "Women's Speed Chess Q4"]
[Site "chess.com INT"]
[Date "2021.06.03"]
[Round "11"]
[White "Zaksaite, Salomeja"]
[Black "Agrest, Inna"]
[Result "0-1"]
[WhiteTitle "WIM"]
[BlackTitle "WIM"]
[WhiteElo "2202"]
[BlackElo "2285"]
[WhiteFideId "12801496"]
[BlackFideId "1708830"]
[EventDate "2021.06.03"]

1. e4 e5 2. Nf3 Nc6 3. Bc4 Nf6 4. d3 Bc5 5. h3 a6 6. c3 Ba7 7. Nbd2 d6 8. Bb3 h6
9. Nf1 Be6 10. Ng3 Qd7 11. Be3 Bxe3 12. fxe3 d5 13. exd5 Nxd5 14. Qe2 O-O-O 15.
O-O-O f6 16. Ne4 Qe7 17. Rhe1 Kb8 18. Ba4 Na7 19. d4 Nb6 20. Bb3 Bxb3 21. axb3
Rhe8 22. Qc2 Nd5 23. dxe5 fxe5 24. Ng3 Nc6 25. Nf5 Qf6 26. g4 g6 27. N5h4 e4 28.
Nd4 Nxd4 29. Rxd4 Qxh4 30. Qd1 Nb6 31. Rf1 Rxd4 32. Qxd4 Qxh3 33. Rf7 Qxg4 34.
Qg7 Qg1+ 35. Kc2 Rd8 36. c4 Qd1+ 37. Kc3 Qd2# 0-1

[Event "Women's Speed Chess Q4"]
[Site "chess.com INT"]
[Date "2021.06.03"]
[Round "11"]
[White "Nguyen, Thi Thanh An"]
[Black "Jakubowska, Anna"]
[Result "1-0"]
[WhiteTitle "WGM"]
[BlackTitle "WIM"]
[WhiteElo "2259"]
[BlackElo "2073"]
[WhiteFideId "12400300"]
[BlackFideId "1121952"]
[EventDate "2021.06.03"]

1. d4 d5 2. Bf4 Nf6 3. e3 e6 4. Nd2 Bd6 5. Bd3 Bxf4 6. exf4 O-O 7. Ngf3 b6 8.
Qe2 c5 9. c3 Nc6 10. O-O c4 11. Bc2 b5 12. Ne5 Bb7 13. g4 a5 14. g5 Nd7 15. Qh5
g6 16. Qh6 b4 17. Ndf3 Ndxe5 18. fxe5 Ne7 19. Rae1 Rb8 20. Re3 b3 21. axb3 cxb3
22. Bb1 Nf5 23. Bxf5 exf5 24. Ne1 Qd7 25. f4 a4 26. Nd3 Rbc8 27. Rff3 Bc6 28.
Nc5 Qa7 29. Rh3 f6 30. gxf6 a3 31. e6 a2 32. f7+ Rxf7 33. exf7+ Qxf7 34. Re1 Ra8
35. Ra1 Ra7 36. Re3 Qc7 37. Qg5 Qg7 38. Qg3 Bb5 39. Qe1 Qf7 40. Nxb3 Bc4 41. Nc5
Rc7 42. Re8+ Kg7 43. Ne6+ Kh6 44. Qh4# 1-0

[Event "Women's Speed Chess Q4"]
[Site "chess.com INT"]
[Date "2021.06.03"]
[Round "11"]
[White "Li, Xueyi"]
[Black "Nandhidhaa, P V"]
[Result "0-1"]
[WhiteTitle "WGM"]
[BlackTitle "WGM"]
[WhiteElo "2328"]
[BlackElo "2365"]
[WhiteFideId "8605912"]
[BlackFideId "5050847"]
[EventDate "2021.06.03"]

1. d4 c5 2. d5 e5 3. c4 d6 4. Nc3 Be7 5. g3 Bg5 6. e3 Be7 7. Bg2 Nf6 8. Nge2 O-O
9. O-O Bg4 10. h3 Bf5 11. g4 Bg6 12. Ng3 h5 13. g5 Nh7 14. h4 f6 15. f4 fxg5 16.
fxg5 Qe8 17. Bh3 Nd7 18. Be6+ Kh8 19. Nce4 Rxf1+ 20. Qxf1 Nhf8 21. Bf5 Bxf5 22.
Qxf5 g6 23. Qh3 Nb6 24. b3 Qd7 25. Qf1 Kg7 26. Bb2 Qg4 27. Kg2 Nfd7 28. Qh1 Rf8
29. Rf1 Rxf1 30. Qxf1 Qxh4 31. Qf3 Nf8 32. Nxc5 Qxg5 33. Ne4 Qg4 34. Qxg4 hxg4
35. c5 Nxd5 36. cxd6 Bf6 37. Kf2 Kf7 38. Nc5 b6 39. Nd3 Nd7 40. e4 Nf4 41. Nb4
Ke6 42. Nc6 Nd3+ 0-1

[Event "Women's Speed Chess Q4"]
[Site "chess.com INT"]
[Date "2021.06.03"]
[Round "11"]
[White "Padmini, Rout"]
[Black "Vo, Thi Kim Phung"]
[Result "0-1"]
[WhiteTitle "IM"]
[BlackTitle "WGM"]
[WhiteElo "2370"]
[BlackElo "2335"]
[WhiteFideId "5029295"]
[BlackFideId "12401838"]
[EventDate "2021.06.03"]

1. e4 e6 2. d4 d5 3. e5 c5 4. c3 Nc6 5. Nf3 Bd7 6. Bd3 cxd4 7. cxd4 Qb6 8. Bc2
Nb4 9. O-O Nxc2 10. Qxc2 Rc8 11. Nc3 Ne7 12. Rd1 Nc6 13. h4 h6 14. Be3 Na5 15.
b3 Bb4 16. Bd2 Qa6 17. Qb2 O-O 18. a3 Be7 19. Be3 Qb6 20. Rdb1 Rc7 21. Ne1 Rfc8
22. Ne2 Bxh4 23. Qd2 Be7 24. Nf4 Nxb3 25. Qd1 Ba4 26. Nh5 Bf8 27. Qg4 Kh8 28.
Bxh6 gxh6 29. Nf6 Bg7 30. Nh5 Rg8 31. Qf4 Qxd4 0-1

[Event "Women's Speed Chess Q4"]
[Site "chess.com INT"]
[Date "2021.06.03"]
[Round "11"]
[White "Eswaran, Aksithi"]
[Black "Torres Hernandez, Leslie Carolin"]
[Result "0-1"]
[WhiteTitle "WCM"]
[BlackTitle "WFM"]
[WhiteElo "1745"]
[BlackElo "1884"]
[WhiteFideId "2083485"]
[BlackFideId "8400504"]
[EventDate "2021.06.03"]

1. e4 c6 2. d4 d5 3. exd5 cxd5 4. Bd3 Nf6 5. c3 Nc6 6. Bf4 Bg4 7. Qb3 Qc8 8. Nd2
e6 9. Ngf3 Be7 10. O-O O-O 11. Rfe1 a6 12. h3 Bh5 13. Ne5 Nxe5 14. Bxe5 Bg6 15.
Bxg6 hxg6 16. Nf3 b5 17. Qc2 b4 18. Qd3 bxc3 19. bxc3 Qc6 20. Bxf6 Bxf6 21. Ne5
Bxe5 22. Rxe5 Rac8 23. Rc1 Qc4 24. Qg3 Qxa2 25. h4 Qd2 26. Rce1 Rxc3 27. Qg4
Rfc8 28. h5 gxh5 29. Qxh5 Rc1 30. Qe2 Rxe1+ 31. Qxe1 Qxd4 32. Re3 Qb2 33. Kh2 g6
34. Qa5 Kg7 35. Qxa6 Rh8+ 36. Kg3 Qd4 37. Kf3 Qd1+ 38. Kg3 Qh1 39. Qb7 Qh4+ 40.
Kf3 Qh5+ 41. Kg3 Qf5 42. f4 g5 43. fxg5 Qxg5+ 44. Kf2 Qf4+ 45. Ke2 Rh1 46. Rf3
Qe4+ 47. Kf2 Qe1# 0-1

[Event "Women's Speed Chess Q4"]
[Site "chess.com INT"]
[Date "2021.06.03"]
[Round "11"]
[White "Tokhirjonova, Gulrukhbegim"]
[Black "Nguyen, Hong Anh"]
[Result "1-0"]
[WhiteTitle "WGM"]
[BlackTitle "WIM"]
[WhiteElo "2350"]
[BlackElo "1993"]
[WhiteFideId "14203626"]
[BlackFideId "12406732"]
[EventDate "2021.06.03"]

1. e4 c5 2. Nf3 Nc6 3. Bb5 g6 4. O-O Bg7 5. c3 Nf6 6. Re1 O-O 7. d4 cxd4 8. cxd4
d6 9. h3 a6 10. Bf1 Bd7 11. Nc3 Rc8 12. Be3 b5 13. e5 dxe5 14. dxe5 Ne8 15. Bf4
Nc7 16. a4 Ne6 17. Bg3 b4 18. Nd5 a5 19. Ba6 Ra8 20. Bb5 Nb8 21. Qe2 Bxb5 22.
Qxb5 Na6 23. Rad1 Nac7 24. Nxc7 Qxc7 25. Rd7 Qc2 26. Re2 Qc1+ 27. Kh2 Rfe8 28.
Nd4 Nxd4 29. Rxd4 e6 30. Red2 Qe1 31. f4 Qc1 32. Bh4 Bh6 33. Qe2 Rac8 34. Bg5
Bxg5 35. fxg5 Qc5 36. Qe4 Qb6 37. Qf4 Rc1 38. Rd7 Qg1+ 39. Kg3 Rf8 40. Rf2 f5
41. exf6 Qe1 42. f7+ 1-0

[Event "Women's Speed Chess Q4"]
[Site "chess.com INT"]
[Date "2021.06.03"]
[Round "11"]
[White "Linares Napoles, Oleiny"]
[Black "Mkrtchian, Lilit"]
[Result "0-1"]
[WhiteTitle "WGM"]
[BlackTitle "IM"]
[WhiteElo "2255"]
[BlackElo "2388"]
[WhiteFideId "3504794"]
[BlackFideId "13300601"]
[EventDate "2021.06.03"]

1. d4 Nf6 2. Bf4 c5 3. e3 Qb6 4. b3 d6 5. Nf3 g6 6. c3 Bg7 7. Nbd2 O-O 8. Be2
Nd5 9. Nc4 Qc7 10. Qd2 Nxf4 11. exf4 b5 12. Ne3 b4 13. cxb4 cxd4 14. Nxd4 Bb7
15. O-O Nd7 16. Rac1 Qb6 17. Rfd1 Rfc8 18. Rxc8+ Rxc8 19. Nc4 Qd8 20. Bf3 Bxf3
21. Nxf3 Nb6 22. Rc1 Qc7 23. Rc2 d5 24. Ne3 Qb7 25. Rxc8+ Qxc8 26. g3 e6 27. Nd4
h5 28. h4 Nd7 29. a4 Nf6 30. f3 Ne8 31. Kg2 Nd6 32. Nec2 Kf8 33. b5 Qc5 34. Nc6
a6 35. N2d4 axb5 36. axb5 Nxb5 37. Qa5 Bxd4 38. Qd8+ Kg7 39. Ne7 Qc2+ 40. Kh3
Qb1 41. Qe8 Qh1# 0-1

[Event "Women's Speed Chess Q4"]
[Site "chess.com INT"]
[Date "2021.06.03"]
[Round "11"]
[White "Mohota, Nisha"]
[Black "Morris-Suzuki, Sophie"]
[Result "0-1"]
[WhiteTitle "IM"]
[BlackTitle "WFM"]
[WhiteElo "2195"]
[BlackElo "2043"]
[WhiteFideId "5004330"]
[BlackFideId "30922615"]
[EventDate "2021.06.03"]

1. b3 e5 2. Bb2 Nc6 3. c4 Nf6 4. Nf3 e4 5. Nd4 d5 6. Nxc6 bxc6 7. e3 Bd6 8. Be2
Bf5 9. Qc2 O-O 10. Nc3 Qd7 11. h3 d4 12. exd4 e3 13. d3 exf2+ 14. Kxf2 Bf4 15.
Ne4 Rae8 16. Bf3 Bg6 17. Rhe1 Nh5 18. Bxh5 Bxh5 19. Kg1 f5 20. Nc5 Qd6 21. Kh1
Be3 22. Nb7 Qg3 23. Rf1 f4 24. d5 f3 25. gxf3 Bxf3+ 26. Rxf3 Rxf3 27. Qg2 Qxg2+
28. Kxg2 Rf2+ 29. Kg3 Rxb2 30. dxc6 Rd2 31. Rf1 Rxd3 32. Rf3 Bf4+ 33. Kf2 Rd2+
34. Kf1 g5 35. Nc5 Rxa2 36. Nd7 Re6 37. Rd3 Rxc6 38. Nb8 Re6 39. Nd7 Ree2 40.
Nf6+ Kg7 41. Ng4 Reb2 42. Rd7+ Kg6 43. Rd1 h5 0-1

[Event "Women's Speed Chess Q4"]
[Site "chess.com INT"]
[Date "2021.06.03"]
[Round "11"]
[White "Zakirova, Aisha"]
[Black "Dong, Khanh Linh"]
[Result "1-0"]
[WhiteTitle "WCM"]
[BlackTitle "WCM"]
[WhiteElo "1585"]
[BlackElo "1970"]
[WhiteFideId "13719734"]
[BlackFideId "12403040"]
[EventDate "2021.06.03"]

1. d4 Nf6 2. c4 d5 3. cxd5 Nxd5 4. e4 Nb6 5. h3 g6 6. Nf3 Bg7 7. Nc3 O-O 8. Be3
Nc6 9. Be2 Na5 10. b3 Re8 11. O-O Bd7 12. Rc1 a6 13. d5 c6 14. Bd4 cxd5 15. Bxg7
Kxg7 16. Nxd5 Nxd5 17. Qxd5 Be6 18. Qe5+ Kg8 19. Rfd1 Qb6 20. Nd4 Nc6 21. Nxc6
bxc6 22. h4 a5 23. h5 Qb8 24. Qg5 f6 25. Qe3 g5 26. Rxc6 Bf7 27. e5 Qxe5 28.
Qxe5 fxe5 29. Rc5 a4 30. Rxe5 axb3 31. axb3 h6 32. Rd7 Bxb3 33. Rdxe7 Rxe7 34.
Rxe7 Bf7 35. Bf3 Ra1+ 36. Kh2 Kf8 37. Rb7 Ra4 38. g3 Ra2 39. Rxf7+ Kxf7 40. Bd5+
Kf6 41. Bxa2 g4 42. Kg2 Kg5 43. Bf7 Kf6 44. Bg6 Kg5 45. f3 gxf3+ 46. Kxf3 Kf6
47. Kf4 Ke7 48. Kf5 Kf8 49. Kf6 Kg8 50. g4 Kh8 51. Bd3 Kg8 52. Kg6 Kh8 53. Kxh6
Kg8 54. Kg6 Kh8 55. h6 Kg8 56. Kh5 Kh8 57. g5 Kg8 58. g6 Kh8 59. g7+ Kg8 60.
Bc4+ Kh7 61. g8=Q# 1-0

[Event "Women's Speed Chess Q4"]
[Site "chess.com INT"]
[Date "2021.06.03"]
[Round "11"]
[White "Fominykh, Maria"]
[Black "Vargas, Gabriela"]
[Result "0-1"]
[WhiteTitle "WGM"]
[BlackTitle "WIM"]
[WhiteElo "2206"]
[BlackElo "2170"]
[WhiteFideId "4142411"]
[BlackFideId "3700860"]
[EventDate "2021.06.03"]

1. d4 d5 2. c4 e6 3. Nc3 c6 4. Nf3 f5 5. g3 Nf6 6. Bg2 Bd6 7. O-O O-O 8. Qc2 Ne4
9. Nxe4 fxe4 10. Nd2 Nd7 11. f3 exf3 12. Bxf3 Nf6 13. e4 dxe4 14. Nxe4 Nxe4 15.
Qxe4 e5 16. dxe5 Bc5+ 17. Kg2 Bf5 18. Qh4 Bd3 19. Rd1 Qxh4 20. gxh4 Bxc4 21. Bg5
h6 22. Rac1 Bxa2 23. Rxc5 hxg5 24. hxg5 Rf5 25. h4 Re8 26. Re1 g6 27. Kg3 Kg7
28. Bg4 Rf7 29. Ra1 Be6 30. Rxa7 Bxg4 31. Kxg4 Rfe7 32. Kf4 Kf7 33. Ke4 Ke6 34.
b4 Rf8 35. b5 Rc8 36. bxc6 Rxc6 37. Rxc6+ bxc6 38. Rxe7+ Kxe7 39. Kd4 Ke6 40. h5
gxh5 41. g6 h4 42. Ke4 c5 43. Kf4 c4 44. Kg5 c3 0-1

[Event "Women's Speed Chess Q4"]
[Site "chess.com INT"]
[Date "2021.06.03"]
[Round "11"]
[White "Chitlange, Sakshi"]
[Black "Balabayeva, Xeniya"]
[Result "0-1"]
[WhiteTitle "WIM"]
[BlackTitle "WFM"]
[WhiteElo "2167"]
[BlackElo "2178"]
[WhiteFideId "35002899"]
[BlackFideId "13719688"]
[EventDate "2021.06.03"]

1. d4 Nf6 2. c4 e6 3. g3 b6 4. Bg2 d5 5. cxd5 exd5 6. Nf3 Bb7 7. O-O Be7 8. Nc3
O-O 9. Bf4 Nbd7 10. Rc1 a6 11. Ne5 Rc8 12. Bh3 Ra8 13. Nxd7 Nxd7 14. Na4 Rc8 15.
Qd3 Re8 16. Rc2 b5 17. Nc3 c5 18. dxc5 Nxc5 19. Qd2 Ne6 20. Bxe6 fxe6 21. Be5
Bf6 22. Bxf6 Qxf6 23. f3 Qe5 24. Rfc1 Rcd8 25. Nd1 d4 26. Nf2 Bd5 27. Rc5 Qf6
28. Nd3 e5 29. Qc2 Qf7 30. Rc7 Qe6 31. Nb4 Bc4 32. b3 Bd5 33. Nxd5 Qxd5 34. Qc6
Qxc6 35. R1xc6 e4 36. fxe4 Rxe4 37. Rxa6 Rxe2 38. Raa7 d3 39. Rxg7+ Kf8 40.
Raf7+ Ke8 41. Rxh7 d2 42. Rh8+ Kxf7 43. Rxd8 Re1+ 44. Kf2 d1=Q 0-1

[Event "Women's Speed Chess Q4"]
[Site "chess.com INT"]
[Date "2021.06.03"]
[Round "11"]
[White "Klinova, Masha"]
[Black "Nurmanova, Alua"]
[Result "1-0"]
[WhiteTitle "IM"]
[BlackTitle "WFM"]
[WhiteElo "2275"]
[BlackElo "2008"]
[WhiteFideId "2802015"]
[BlackFideId "13729390"]
[EventDate "2021.06.03"]

1. e4 c5 2. Nf3 d6 3. Bb5+ Nc6 4. Bxc6+ bxc6 5. O-O Bg4 6. h3 Bh5 7. Re1 e5 8.
c3 Nf6 9. d3 Be7 10. Nbd2 O-O 11. Nf1 Bxf3 12. Qxf3 Re8 13. Ng3 Rb8 14. b3 Qa5
15. Bb2 Bf8 16. Nf5 Nd7 17. d4 g6 18. Ne3 Bg7 19. Nc4 Qc7 20. Rad1 cxd4 21. cxd4
exd4 22. Bxd4 Bxd4 23. Rxd4 d5 24. Red1 Rxe4 25. Rxe4 dxe4 26. Qxe4 Nf6 27. Qe5
Qxe5 28. Nxe5 c5 29. Rd6 Kg7 30. Rxf6 Re8 31. Rxf7+ Kg8 32. Rxa7 Rxe5 33. g4 Re2
34. Kg2 Rc2 35. Kg3 c4 36. bxc4 Rxc4 37. h4 Rc2 38. f3 h6 39. a4 Rc4 40. Kf2 Rc3
41. Ke2 Ra3 42. a5 g5 43. h5 Ra4 44. Ke3 Kh8 45. a6 Kg8 46. Kd3 Kh8 47. Kc3 Ra3+
48. Kb4 Rxf3 49. Rb7 Rf4+ 50. Kb5 Rf1 51. a7 Rb1+ 52. Kc6 Rc1+ 53. Kd6 Rd1+ 54.
Ke6 Re1+ 55. Kf5 Ra1 56. Rb8+ Kg7 57. a8=Q Rf1+ 58. Ke4 Re1+ 59. Kf3 Re3+ 60.
Kxe3 1-0

[Event "Women's Speed Chess Q4"]
[Site "chess.com INT"]
[Date "2021.06.03"]
[Round "11"]
[White "Dauletova, Gulmira"]
[Black "Rakshitta, Ravi"]
[Result "1-0"]
[WhiteTitle "WGM"]
[BlackTitle "WIM"]
[WhiteElo "2285"]
[BlackElo "2190"]
[WhiteFideId "13702971"]
[BlackFideId "25073230"]
[EventDate "2021.06.03"]

1. e4 e5 2. Nf3 Nc6 3. Bb5 f5 4. d3 fxe4 5. dxe4 Nf6 6. Nc3 Bb4 7. Qd3 Bxc3+ 8.
bxc3 d6 9. Qc4 Bd7 10. Ng5 Qe7 11. O-O a6 12. Bxc6 Bxc6 13. Re1 h6 14. Nf3 Bb5
15. Qb3 c5 16. c4 Bc6 17. Qd3 O-O 18. Nh4 Qf7 19. f3 b5 20. Qxd6 Rac8 21. cxb5
Bxb5 22. Qxe5 Rfe8 23. Qg3 c4 24. Bxh6 Nh5 25. Qg5 Bd7 26. Ng6 gxh6 27. Qxh6 Qh7
28. Qg5 Ng7 29. Ne7+ Rxe7 30. Qxe7 Bc6 31. Rad1 Re8 32. Qf6 Qh5 33. Qxc6 Rf8 34.
Qd5+ Qxd5 35. exd5 Rb8 36. d6 Kf7 37. d7 Ne6 38. Rxe6 Kxe6 39. d8=Q Rxd8 40.
Rxd8 c3 41. Rc8 Kd5 42. Rxc3 Kd4 43. Rd3+ Kc4 44. h4 a5 45. h5 a4 46. h6 a3 47.
h7 Kb4 48. h8=Q Kc4 49. Qc8+ Kb5 50. Rb3+ Ka5 51. Qa8# 1-0